Confrontaciones monetarias: marxistas y post-keynesianos en América Latina /

Guardat en:
Dades bibliogràfiques
Autor principal: Girón, Alicia
Altres autors: coord. Serrano, Felipe Parguez, Alain Vidal, Gregorio Gamero Requena, Julio Salama, Pierre
Format: Text
Publicat: Buenos Aires: CLACSO
Etiquetes: Afegir etiqueta
Sense etiquetes, Sigues el primer a etiquetar aquest registre!

MARC

LEADER 00000 a a2200000 04500
001 33804
003
040
090 |a 1001 G527c  
100 |a Girón, Alicia  
245 |a Confrontaciones monetarias: marxistas y post-keynesianos en América Latina /  |c Alicia Girón 
260 |a Buenos Aires:   |b CLACSO  
300 |a 124 p.  
700 |a coord.   |a Serrano, Felipe   |a Parguez, Alain   |a Vidal, Gregorio   |a Gamero Requena, Julio   |a Salama, Pierre  
999 |c 12131  |d 12131